书目信息 |
| 题名: |
生物学方法论
|
|
| 作者: | 李建会 著 | |
| 分册: | ||
| 出版信息: | 杭州 浙江教育出版社 2007 |
|
| 页数: | 183页 | |
| 开本: | 24cm | |
| 丛书名: | 科学方法论丛书 | |
| 单 册: | ||
| 中图分类: | Q-03 | |
| 科图分类: | ||
| 主题词: | 生物学--方法论 | |
| 电子资源: | ||
| ISBN: | 978-7-5338-7238-0 | |
| 000 | 00799oam2 2200241 450 | |
| 001 | 1540157392 | |
| 005 | 20150119110951.84 | |
| 010 | @a978-7-5338-7238-0@dCNY20.00 | |
| 100 | @a20080310d2007 em y0chiy50 ea | |
| 101 | 0 | @achi |
| 102 | @aCN@b330000 | |
| 105 | @aa z 000yy | |
| 200 | 1 | @a生物学方法论@9sheng wu xue fang fa lun@f李建会著 |
| 210 | @a杭州@c浙江教育出版社@d2007 | |
| 215 | @a183页@c图@d24cm | |
| 225 | 2 | @a科学方法论丛书 |
| 330 | @a本书包括方法的重要性、生物学观察、生物学实验、敞开思想的翅膀、借用他山之石、巧妙地运用数学方法、计算机人工生命方法、假说方法、创造性思维方法等章节。 | |
| 461 | 0 | @12001 @a科学方法论丛书 |
| 606 | 0 | @a生物学@x方法论 |
| 690 | @aQ-03@v5 | |
| 701 | 0 | @a李建会@9li jian hui@f(1964~)@4著 |
| 801 | 0 | @aCN@bTSSF@c20150119 |
| 905 | @aZUCC@dQ-03@eJY42 | |
| 生物学方法论/李建会著.-杭州:浙江教育出版社,2007 |
| 183页:图;24cm.-(科学方法论丛书) |
| ISBN 978-7-5338-7238-0:CNY20.00 |
| 本书包括方法的重要性、生物学观察、生物学实验、敞开思想的翅膀、借用他山之石、巧妙地运用数学方法、计算机人工生命方法、假说方法、创造性思维方法等章节。 |
| ● |
| 相关链接 |
|
|
|
|
正题名:生物学方法论
索取号:Q-03/JY42
 
预约/预借
| 序号 | 登录号 | 条形码 | 馆藏地/架位号 | 状态 | 备注 |
| 1 | 7848697 | 278486979 | 学院路分馆/ [索取号:Q-03/JY42] | 在馆 | |
| 2 | 7848698 | 278486988 | 学院路分馆/ [索取号:Q-03/JY42] | 在馆 | |
| 3 | 7848699 | 278486997 | 学院路分馆/ [索取号:Q-03/JY42] | 在馆 |